Rebelión ciudadana y justicia fiscal : movimiento predial de 1948 en Aguascalientes /

محفوظ في:
التفاصيل البيبلوغرافية
المؤلف الرئيسي: Reyes Rodríguez, Andrés (autor)
التنسيق: كتاب
اللغة:الإسبانية
منشور في: Aguascalientes, México : Universidad Autónoma de Aguascalientes, 2022, c2022
الموضوعات:
الوسوم: إضافة وسم
لا توجد وسوم, كن أول من يضع وسما على هذه التسجيلة!

MARC

LEADER 00000nam^a2200000^a^4500
001 000579386
005 20250521000000.0
009 20260310132528.305
020 |a 978-607-8834-78-5 
037 |a Acervo ITESO - Biblioteca 
041 |a ESP 
082 |a 336. 22097242  |b REY 
100 |a Reyes Rodríguez, Andrés  |e (autor) 
245 1 0 |a Rebelión ciudadana y justicia fiscal :  |b movimiento predial de 1948 en Aguascalientes /  |c A. Reyes Rodríguez. 
264 4 |a Aguascalientes, México :  |b Universidad Autónoma de Aguascalientes,  |c 2022, c2022 
300 |a 437 p. 
336 |a texto  |b txt  |2 rdacontenido 
337 |a sin mediación  |b n  |2 rdamedio 
338 |a volumen  |b nc  |2 rdasoporte 
521 |a FIL 2023 DIA 
649 |a XX 
650 |a Impuestos Prediales -  |z Aguascalientes -  |x Historia -  |y 1946-1952 -  |x Tema Principal 
650 |a Impuestos sobre la Propiedad -  |z Aguascalientes -  |x Historia -  |y 1946-1952 
650 |a Movimientos Sociales -  |z Aguascalientes -  |x Historia -  |y 1946-1952 -  |x Tema Principal 
650 |a Aguascalientes -  |x Historia -  |y 1946-1952 -  |x Tema Principal 
650 |a Aguascalientes -  |x Historia -  |y Siglo XX 
650 |a México -  |x Historia -  |y Siglo XX 
910 |a Fondo General 
920 |a Impresos - Libros 
930 |a Colección General 
905 |a 101 
901 |a 0500403741  |b IT1  |c ACC  |i C184527  |u 20250521 
902 |a https://opac.biblio.iteso.mx/vufind/Record/000579386